| 000 | 00540nam a2200193Ia 4500 | ||
|---|---|---|---|
| 003 | GCL | ||
| 008 | 140319s9999 xx 000 0 ara d | ||
| 040 |
_aGCL / _cGCL |
||
| 082 | 0 | 4 |
_a370.15 _bر ت |
| 100 | 1 | _aريد، هربرت | |
| 245 | 1 | 0 |
_aالتربية عن طريق الفن / _cريد، هربرت |
| 700 | 1 | _aعبدالعزيز توفيق جاويد | |
| 300 | _a468 | ||
| 490 |
_aالالف كتاب _v0 |
||
| 650 | 0 | 4 | _aالتعليم |
| 650 | 0 | 4 | _aالتربية |
| 650 | 0 | 4 | _aفلسفة ونظريات |
| 942 |
_2ddc _cBK |
||
| 999 |
_c43792 _d43792 |
||